000 00386nam a22001577a 4500
003 SGT
020 _a9789388902731
082 _a611
_bH19C
100 _a Chaurasia,B.D.
245 _aChaurasia's Human Anatomy: Upper Limb & Thorax
250 _a8TH
260 _aNEW DELHI
_b CBS Publishers & Distributors
_c2019
300 _a1-354
650 _aHuman Anatomy
942 _2ddc
_cBK
_05
999 _c20903
_d20903